000
00314nam a2200109Ia 4500
008
171211s9999 xx 000 0 und d
245
_a
Oracle Solaris 11 System Virtualization Essentials
245
_c
Jeff Victor
260
_c
2017
650
_x
SOFTWARE
856
_u
http://down.ebook777.com/061/9780134310879.pdf
999
_c
349360
_d
349360